| 000 | 00942nam a22002537a 4500 | ||
|---|---|---|---|
| 005 | 20170810103540.0 | ||
| 010 | _aBAC-EN21 ENG-111990 | ||
| 020 |
_a9789351362616 _c499.00 |
||
| 035 | _aEN-95522 | ||
| 035 | _aB-591433-464 | ||
| 035 | _aB-666152 | ||
| 037 |
_bPragati/Ven _adpl |
||
| 037 | _bDBAD/PUB | ||
| 082 | _a324.2092 | ||
| 100 | _aMenon, Ramesh | ||
| 245 |
_aModi demystified : _bthe making of a prime minister / _cby Ramesh Menon |
||
| 260 |
_aNoida _bHarper Collins Publishers _c2014 |
||
| 270 |
_aA-75, Sector 57 _bNoida _e201301 |
||
| 300 |
_axxx,233p. _c22cm(Hb) |
||
| 500 | _aIncludes bibliographical references and index | ||
| 942 |
_2ddc _cEN _mMEN _h324.2092 |
||
| 999 |
_c89668 _d89668 |
||